LIBRARY & INFORMATION CENTRE, KCAET, TAVANUR

ONLINE PUBLIC ACCESS CATALOGUE (OPAC)

A Textbook of Production Technology (Manufacturing Processes) (Record no. 14289)

MARC details
000 -LEADER
fixed length control field 00319nam a22001217a 4500
020 ## - INTERNATIONAL STANDARD BOOK NUMBER
ISBN 8121911141
082 ## - DEWEY DECIMAL CLASSIFICATION NUMBER
Classification number 670
Item number SHA/TE
100 ## - MAIN ENTRY--AUTHOR NAME
Personal name Sharma, P.C
245 ## - TITLE STATEMENT
Title A Textbook of Production Technology (Manufacturing Processes)
260 ## - PUBLICATION, DISTRIBUTION, ETC. (IMPRINT)
Place of publication New Delhi
Name of publisher S.Chand & Company Pvt.Ltd
Year of publication 2014
300 ## - PHYSICAL DESCRIPTION
Number of Pages 830
942 ## - ADDED ENTRY ELEMENTS (KOHA)
Koha item type Books
Holdings
Withdrawn status Lost status Damaged status Collection code Home library Current library Shelving location Date acquired Source of acquisition Cost, normal purchase price Full call number Accession Number Koha item type
        KAUAET KAUAET General Stacks 13/06/2016 Dream Tech, Trivandrum 750.00 670 SHA/TE 24412 Books
free website counter